Space library : space stations

Bibliographic Details
Main Author: Vogt, Gregory
Format: Book
Published: London : Franklin Watts , 1990
Series:Space library series
Subjects:

MARC

LEADER 00000cam a2200000 7i4500
001 0000004205
002 000004522
005 20060206.0
020 |a 0863136338 
090 0 0 |a 523.111   |b SPA 
100 1 |a Vogt, Gregory 
245 1 0 |a Space library :   |b space stations   |c Gregory Vogt 
260 |a London :   |b Franklin Watts ,   |c 1990 
300 |a 32p. :   |b ill. ;   |c 28cm. 
490 0 |a Space library series 
650 0 0 |a Space stations   |x Juvenile literature 
999 |a 037338   |b BUKU   |c JUNIOR BOOKS   |e PERPUSTAKAAN KOMUNITI PETALING JAYA